| 000 | 00346nam a2200133Ia 4500 | ||
|---|---|---|---|
| 008 | 240624s9999 xx 000 0 und d | ||
| 041 | _aeng | ||
| 082 | _a658.4 FOX | ||
| 100 | _aFOX WILLIAM P | ||
| 245 | _aMATHEMATICAL MODELING FOR BUSINESS ANALYTICS | ||
| 260 |
_c2018 _aLondon _bCRC Press |
||
| 300 | _axix, 429 p.; 23 cm. | ||
| 365 |
_cBPS _b33 |
||
| 999 |
_c32329 _d32329 |
||